The women : (Record no. 2613)

MARC details
000 -LEADER
fixed length control field 01229cam a2200301 a 4500
001 - CONTROL NUMBER
control field 2613
003 - CONTROL NUMBER IDENTIFIER
control field FISKH
005 - DATE AND TIME OF LATEST TRANSACTION
control field 20240104143132.0
008 - FIXED-LENGTH DATA ELEMENTS--GENERAL INFORMATION
fixed length control field 080926s2009 nyu 000 1 eng
010 ## - LIBRARY OF CONGRESS CONTROL NUMBER
LC control number 2008042462
020 ## - INTERNATIONAL STANDARD BOOK NUMBER
International Standard Book Number 9780670020416
020 ## - INTERNATIONAL STANDARD BOOK NUMBER
International Standard Book Number 0670020419
020 ## - INTERNATIONAL STANDARD BOOK NUMBER
International Standard Book Number 9780670020751 (International ed.)
020 ## - INTERNATIONAL STANDARD BOOK NUMBER
International Standard Book Number 0670020753
035 ## - SYSTEM CONTROL NUMBER
System control number (OCoLC)233548516
040 ## - CATALOGING SOURCE
Original cataloging agency DLC
Transcribing agency DLC
Modifying agency YDX
-- BTCTA
-- BAKER
-- YDXCP
-- UPZ
-- EPL
-- IHE
-- ABG
-- VP@
-- CDX
-- VAGNT
-- IXA
-- DLC
Language of cataloging eng
050 00 - LIBRARY OF CONGRESS CALL NUMBER
Classification number PS3552.O932
Item number W66 2009
082 00 - DEWEY DECIMAL CLASSIFICATION NUMBER
Classification number 813/.54
Edition number 22
100 1# - MAIN ENTRY--PERSONAL NAME
Personal name Boyle, T. Coraghessan.
245 14 - TITLE STATEMENT
Title The women :
Remainder of title a novel /
Statement of responsibility, etc. T. Coraghessan Boyle.
260 ## - PUBLICATION, DISTRIBUTION, ETC.
Place of publication, distribution, etc. New York :
Name of publisher, distributor, etc. Penguin Books,
Date of publication, distribution, etc. 2009.
300 ## - PHYSICAL DESCRIPTION
Extent 589 pages :
Dimensions 18 cm
520 ## - SUMMARY, ETC.
Summary, etc. Recounts the life of Frank Lloyd Wright as told through the experiences of the four women who loved him: the Montenegrin beauty Olgivanna Milanoff; the passionate Southern belle Maud Miriam Noel; the spirited Mamah Cheney, tragically killed; and his young first wife, Kitty Tobin.
600 10 - SUBJECT ADDED ENTRY--PERSONAL NAME
Personal name Wright, Frank Lloyd,
Dates associated with a name 1867-1959
General subdivision Relations with women
Form subdivision Fiction.
655 #7 - INDEX TERM--GENRE/FORM
Genre/form data or focus term Biographical fiction.
Source of term gsafd
906 ## - LOCAL DATA ELEMENT F, LDF (RLIN)
a 7
b cbc
c orignew
d 1
e ecip
f 20
g y-gencatlg
942 ## - ADDED ENTRY ELEMENTS (KOHA)
Source of classification or shelving scheme Dewey Decimal Classification
Koha item type Books
Suppress in OPAC No
Holdings
Withdrawn status Lost status Source of classification or shelving scheme Damaged status Not for loan Collection Home library Current library Shelving location Date acquired Total Checkouts Full call number Barcode Date last seen Price effective from Koha item type
    Dewey Decimal Classification     Fiction Footprints International School Library Network Toul Kork Campus Footprints International School Library Network Toul Kork Campus   01/04/2024   BOY Fic PS3552.O932 FISSE03274 01/04/2024 01/04/2024 Books